000
00281nam a2200109Ia 4500
008
220204s9999 xx 000 0 und d
020
_a
ISSN:09752250
082
_a
0582012
_b
MAN
245
0
_a
Manorama yearbook 2012
260
_a
Malayala Manorama Press
_b
Kottayam
_c
2012
942
_c
BK
999
_c
43035
_d
43035